金庸筆下的真實大歷史

資料類型: Book 圖書   書目號:55776

Leader xxxxxxxxxx
001 __ PCLIS00055776
005 __ 20220225154247.0
010 0_ |a9789863880455|b平裝|dNT$480
042 __ |anbic
100 __ |a20160503d2016    m  y0chiy09      e
101 0_ |achi
102 __ |atw
105 __ |ay   z   000yd
200 1_ |a金庸筆下的真實大歷史|dJin Yong's true history|zeng|f填下烏賊著
205 __ |a初版
210 __ |a臺北市|c龍圖騰文化出版|a新北市土城區|c創智文化總經銷|d2016[民105]
215 0_ |a447面|d22公分
225 1_ |a龍圖騰文庫|vYL010
300 __ |a著者原名為湯大友
300 __ |a附錄: 金庸武俠大事年表, 金庸先生人物小傳
320 __ |a參考書目: 面442-447
510 1_ |aJin Yong's true history|zeng
600 _0 |a金庸|f1924-2018|2cst
606 __ |2cst|a武俠小說
606 __ |2cst|a文學評論
681 __ |a827.8|b8335
681 __ |a857.9|b8335
700 _0 |a填下烏賊|f1976- |4770 _1 |a|b大友
801 _0 |atw|b高雄市立圖書館|c20160705|gCCR
801 _1 |atw|b內湖高中|c20220129|gCCR
801 _2 |atw|b內湖高中|c20220129|gCCR
詳細館藏(共 1 筆)
索 書 號登 錄 號冊次號館別 / 館藏地流通類型狀態加入預約清單電子資源
827.8 / 8335 2020756  圖書館 / 一樓普通區 可外借30天 在館   

| 條列資料




目錄查詢 分類查詢 個人資料 圖書薦購 新書查詢 閉館日 排行榜 更多電子資源 Hami書城 線上資料庫 登出

From : 216.73.216.116

  本日流通累計至 00:27:00 借閱 : 0 次 續借 : 0 次 歸還 : 0 次 預約 : 0 次 電子資源 : 0 次


內湖高中圖書館  PCLIS 版本  25.5.0.2